000 00834cam a2200253 4500
001 D15663
008 090401t1980 xxu||||| |||| 00| 0 eng d
035 _a(Sirsi) u24419
041 _aeng
050 _a333.332
090 _aRICS 1980/38ABCDE
110 _aRoyal Institution of Chartered Surveyors
_94900
245 _aManual of valuation standards
260 _bRICS
_c1980
300 _a23cm
350 _a5
520 _aSUPERSEDED: Replaced by 2nd edition entitled Manual of Valuation Guidance Notes, also known as the White Book (RICS 1989/33)/ Looseleaf format to include updates (inc. updating until 31st Dec. 1981). Known as the Black Book.
650 _aBLACK BOOK
650 _aMANUAL OF VALUATION STANDARDS
650 _aWHITE BOOK
690 _aRATING AND VALUATION
942 _n0
948 _c04/03/1997
999 _c88542
_d88542